| 000 | 00884nam a2200241 u 4500 | ||
|---|---|---|---|
| 001 | 000003663 | ||
| 005 | 20200929150524.0 | ||
| 008 | 090713s1986 dr c r 000 0 spa d | ||
| 020 | _a8426121950 | ||
| 040 | _aDO-SdBNP | ||
| 082 |
_a923.173 _bW317A |
||
| 100 | 1 |
_aAlden, Jhon R., _d1908- _911229 |
|
| 245 | 1 | 0 |
_aGeorge Washington / _cJohn R. Alden ; traducción Matilde Taboada. |
| 260 |
_aBarcelona : _bJuventud, _c1986. |
||
| 300 |
_a314 p. : _bretrs. ; _c23 cm. |
||
| 440 | 0 |
_aGrandes biografías _911230 |
|
| 500 | _aLa edición original de esta obra ha sido publicada por Louisiana State University Press, Baton Rouge, con el título de George Washington: A Biography. | ||
| 500 | _aIncluye índice. | ||
| 600 | 1 | 0 |
_aWASHINGTON, GEORGE. _d1732-1799 _911231 |
| 650 | 4 |
_aPresidentes _zEstados Unidos _xBiografía _93714 |
|
| 700 | 1 |
_aTaboada, Matilde _etr. _911232 |
|
| 049 | _aBNPD | ||
| 999 |
_c3486 _d3486 |
||